000
00311nam a2200133Ia 4500
005
20251222141910.0
008
251222s9999||||xx |||||||||||||| ||spa||
082
_a
861.19/A77
100
_a
Arrieta, Dimas
245
0
_a
Concierto de la Memoria
250
_a
1ra.ed.
264
_b
Ediciones PoesÃa
942
_c
LIB
999
_c
8359
_d
8359